000
00305nam a22001337a 4500
020
_a
978-93-83760-69-5
082
_a
894.812.3
_b
GEO/A
100
_a
GEORGE,BEENA
245
_a
ALICINTE ATHBHUTHALOKAM
260
_a
THRISSUR
_b
H &C PUBLISHING HOUSE
300
_a
48
650
_a
STORY
_z
KERALA
942
_c
BK
999
_c
6947
_d
6947